Nourriture en anglais (Difficile) - Statistiques

Statistiques générales
  • Ce quiz a été pris 1 568 fois
  • Le résultat moyen est 9 sur 20
Statistiques - réponses
Hint Réponse % Correct
boeuf beef
86%
confiture jam
81%
champignons mushrooms
78%
tarte pie
76%
commander order
69%
repas meal
67%
serveur waiter
66%
serveuse waitress
65%
fromage de chèvre goat cheese
63%
sucette lollipop
63%
bouillir boil
61%
amande almond
59%
homard lobster
58%
eau minérale mineral water
57%
fondre melt
56%
eau gazeuse sparkling water
56%
évier sink
52%
aubergine eggplant
51%
remplir fill
49%
huître oyster
48%
gaufres wafles
48%
tranche de pain slice of bread
45%
verser pour
41%
patates rôties roasted potatoes
40%
figue fig
39%
purée de pomme de terre mashed potatoes
37%
courgette zucchini
35%
oeufs brouillés scrambled eggs
33%
midi midday
30%
bettrave beetroot
25%
céleri celery
22%
poireau leek
20%
veau veal
20%
oeuf au plat fried egg
16%
barbapapa candy floss
10%
courge squash
6%
boisson gazeuse soft drink
5%
soda fizzy drink
3%
haricots blancs baked beans
2%
nappe cloth
2%
Aucun quiz correspondant
Distribution des résultats
% des personnes avec chaque résultat
Percentile par nombre de réponses
Votre historique - résultats
Vous n’avez pas pris ce quiz